| 000 | 00952nam a22002777a 4500 | ||
|---|---|---|---|
| 005 | 20180226112328.0 | ||
| 010 | _aENG-106876 | ||
| 020 |
_a9780230323858 _c395.00 |
||
| 020 |
_a9780230323858 _c495.00 (AV) |
||
| 035 | _aEN-90409 | ||
| 035 | _aB-528940 | ||
| 035 | _aB-664878 | ||
| 037 | _bDBAD/PUB | ||
| 037 |
_bMallika Books/Ven _adpl |
||
| 082 | _a341 | ||
| 100 | _aGurdip Singh | ||
| 245 |
_aInternational Law / _cby Gurdip Singh ; assisted by Amrita Bahri |
||
| 250 | _a2nd ed | ||
| 260 |
_aGurgaon _bMacmillan Publishers _c2011 |
||
| 270 |
_a3A, 5th Floor, DLF Corporate Park _bGurgaon _e122002 |
||
| 300 |
_axiv,610p. _c24cm(pbk) |
||
| 500 | _aIncludes index | ||
| 942 |
_2ddc _cEN _h341 _mGUR |
||
| 999 |
_c74604 _d74604 |
||